Gracia y el forastero
সংরক্ষণ করুন:
| প্রধান লেখক: | |
|---|---|
| বিন্যাস: | গ্রন্থ |
| ভাষা: | স্প্যানিশ |
| প্রকাশিত: |
Santiago
Zig-Zag
1988
|
| সংস্করন: | 27a. ed |
| মালা: | Juvenil Zig-Zag
|
| বিষয়গুলি: | |
| ট্যাগগুলো: |
ট্যাগ যুক্ত করুন
কোনো ট্যাগ নেই, প্রথমজন হিসাবে ট্যাগ করুন!
|
MARC
| LEADER | 00000nam a2200000 a 4500 | ||
|---|---|---|---|
| 001 | UCH4037 | ||
| 003 | CL-VaPUC | ||
| 008 | 090818e19880000CL |||||||||||||||||spa|d | ||
| 020 | |a 9561203110 | ||
| 082 | 0 | 4 | |a Ch863 |b BLA |2 21 |
| 100 | 0 | |a Blanco, Guillermo |e author |9 518527 | |
| 245 | 1 | 0 | |a Gracia y el forastero |
| 250 | |a 27a. ed | ||
| 300 | |a 159 p | ||
| 942 | |c BK | ||
| 945 | |d 20090818 00:00:00 |a lazolas | ||
| 260 | |a Santiago |b Zig-Zag |c 1988 | ||
| 650 | 0 | |a Novelas chilenas |9 265425 | |
| 650 | 0 | |a Literatura chilena |9 308278 | |
| 583 | |a last modification |c 20090818 00:00:00 |k Rodrigo Vera | ||
| 490 | 0 | |a Juvenil Zig-Zag | |
| 999 | |c 335391 |d 335389 | ||